[Event "2016 Standard Chess Dropout Tournament, Round 1"]
[Site "SchemingMind.com"]
[Date "2015.11.10"]
[Round "1"]
[White "maro"]
[Black "Holty"]
[Result "0-1"]
[WhiteCountry "MEX"]
[BlackCountry "ENG"]
[WhiteElo "1333"]
[WhiteRD "55"]
[BlackElo "1714"]
[BlackRD "70"]
[GameID "390072"]

1. e4 e6 2. Bc4 d5 3. exd5 exd5 4. Bb5+ c6 5. Bd3 Bd6 6. Nc3 Ne7 7. b3 Bf5 8. Bxf5 Nxf5 9. Qg4 g6 10. d4 Nd7
11. Bg5 f6 12. Bh6 Nxh6 13. Qh3 Nf5 14. Nf3 Qe7+ 15. Ne2 Bb4+ 16. Kf1 O-O-O 17. c3 Bd6 18. b4 Bxb4 19. cxb4 Qxb4 20. g3 Rde8
21. Re1 Qb2 22. Kg2 Rxe2 23. Rxe2 Qxe2 24. Re1 Qxa2 25. Kg1 Qa3 26. Qg2 Kd8 27. Nd2 Re8 28. Rxe8+ Kxe8 29. Qf1 Nxd4 30. Nb1 Qf3
31. Nd2 Ne2+
0-1

[Event "2016 Standard Chess Dropout Tournament, Round 1"]
[Site "SchemingMind.com"]
[Date "2015.11.11"]
[Round "1"]
[White "Mekk"]
[Black "cnile"]
[Result "1-0"]
[WhiteCountry "POL"]
[BlackCountry "SCO"]
[WhiteElo "1865"]
[WhiteRD "106"]
[BlackElo "1501"]
[BlackRD "59"]
[GameID "390073"]

1. e4 e6 2. d4 d5 3. Nd2 Nf6 4. e5 Nfd7 5. Bd3 c5 6. c3 Nc6 7. Ne2 Qb6 8. Nf3 a6 9. O-O cxd4 10. cxd4 Be7
11. b3 Nf8 12. Bb2 Bd7 13. Rc1 Qa5 14. Bb1 Ng6 15. Bc3 Qc7 16. Qd2 Qd8 17. Bd3 Rc8 18. Rc2 Nb4 19. Bxb4 Bxb4 20. Qxb4 Rxc2
21. Bxc2 Qc7 22. Rc1 Bc6 23. Bd3 Ne7 24. a4 O-O 25. Rc2 h6 26. Qd2 Qb6 27. Rc3 Rc8 28. Qc2 Qb4 29. h3 Kf8 30. Nd2 Qa5
31. Rc5 Qc7 32. b4 Qb6 33. b5 axb5 34. axb5 Bd7 35. Rxc8+ Nxc8 36. Qc5+ Qxc5 37. dxc5 Ne7 38. Nd4 Ke8 39. f4 g6 40. N2f3 h5
41. Kf2 Kf8 42. Ke3 Kg7 43. g4 hxg4 44. hxg4 Kf8 45. Kd2 Ke8 46. Kc3 Kd8 47. Kb4 Ng8 48. Ka5 Kc7 49. Ng5 Nh6 50. Be2
1-0

[Event "2016 Standard Chess Dropout Tournament, Round 1"]
[Site "SchemingMind.com"]
[Date "2015.11.12"]
[Round "1"]
[White "michel"]
[Black "Orange Lion"]
[Result "1/2-1/2"]
[WhiteCountry "CAN"]
[BlackCountry "NED"]
[WhiteElo "2387"]
[WhiteRD "66"]
[BlackElo "2574"]
[BlackRD "120"]
[GameID "390074"]

1. d4 Nf6 2. Bg5 c5 3. Bxf6 gxf6 4. d5 Qb6 5. Qc1 d6 6. e3 Nd7 7. a4 Qa5+ 8. Nd2 Bg7 9. c3 O-O 10. Ne2 Ne5
11. Qc2 Rb8 12. Ng3 e6 13. Be2 Qc7 14. Nh5 Ng6 15. Ne4 f5 16. Nef6+ Bxf6 17. Nxf6+ Kh8 18. O-O Qe7 19. Nh5 b6 20. c4 Bd7
21. g3 exd5 22. cxd5 f6 23. Rfd1 Qe5 24. Bf3 Rg8 25. Bg2 Qe7 26. b3 Rbe8 27. Rac1 Qf7 28. h3 Ne5 29. Nf4 Re7 30. Kh2 Rd8
31. Bf1 Ng6 32. Nh5 Rf8 33. Be2 Re4 34. Qb2=
1/2-1/2

[Event "2016 Standard Chess Dropout Tournament, Round 1"]
[Site "SchemingMind.com"]
[Date "2015.11.10"]
[Round "1"]
[White "NYNH"]
[Black "Reun29"]
[Result "1-0"]
[WhiteCountry "USA"]
[BlackCountry "SUI"]
[WhiteElo "2036"]
[WhiteRD "89"]
[BlackElo "1940"]
[BlackRD "71"]
[GameID "390075"]

1. d4 Nf6 2. c4 g6 3. Nc3 d5 4. cxd5 Nxd5 5. e4 Nxc3 6. bxc3 Bg7 7. Bc4 c5 8. Ne2 Nc6 9. Be3 O-O 10. O-O Bd7
11. Rb1 Qc7 12. Bd3 Rad8 13. Qc1 Bc8 14. Rd1 b6 15. h3 Bb7 16. dxc5 bxc5 17. Qa3 Na5 18. f3 c4 19. Bc2 Rxd1+ 20. Rxd1 Be5
21. Qc5 Nc6 22. Qxc4 e6 23. Qc5 Rc8 24. Nd4 Bd6 25. Qc4 Nxd4 26. Qxd4 Bf8 27. Qxa7 Ra8 28. Qb6 Qxb6 29. Bxb6 Bc6 30. Rd8 Rxd8
31. Bxd8 Bd6 32. Bb6 f6 33. a4 Kf7 34. c4 Ke7 35. a5 Kd7 36. Kf2 Kc8 37. a6 e5 38. Bb3
1-0

[Event "2016 Standard Chess Dropout Tournament, Round 1"]
[Site "SchemingMind.com"]
[Date "2015.11.11"]
[Round "1"]
[White "Olli Ylönen"]
[Black "Karsten Kjeldsen"]
[Result "0-1"]
[WhiteCountry "FIN"]
[BlackCountry "DEN"]
[WhiteElo "1832"]
[WhiteRD "117"]
[BlackElo "2274"]
[BlackRD "106"]
[GameID "390076"]

1. e4 c5 2. Nc3 Nc6 3. f4 g6 4. Nf3 Bg7 5. Bc4 e6 6. O-O Nge7 7. d3 d5 8. Bb3 O-O 9. Qe1 Nd4 10. Nxd4 cxd4
11. Ne2 Qc7 12. e5 Qb6 13. a4 a5 14. Qf2 Nc6 15. h4 Bd7 16. g4 f6 17. exf6 Rxf6 18. Qg3 Nb4 19. Bd2 Rd8 20. Bxb4 Qxb4
21. Kh1 Rdf8 22. h5 g5 23. f5 Kh8 24. Qc7 Be8 25. Nc1 exf5 26. Na2 Qd2 27. Qxb7 fxg4 28. Rxf6 g3 29. Rxf8+ Bxf8 30. Qxd5 Qh2#
0-1

[Event "2016 Standard Chess Dropout Tournament, Round 1"]
[Site "SchemingMind.com"]
[Date "2015.11.11"]
[Round "1"]
[White "Orange Lion"]
[Black "edg"]
[Result "1-0"]
[WhiteCountry "NED"]
[BlackCountry "USA"]
[WhiteElo "2594"]
[WhiteRD "120"]
[BlackElo "1664"]
[BlackRD "65"]
[GameID "390077"]

1. Nf3 d5 2. c4 e6 3. d4 Nf6 4. Nc3 Nc6 5. a3 b6 6. cxd5 Nxd5 7. e4 Nf6 8. Bb5 Bd7 9. e5 Nd5 10. Nxd5 exd5
11. e6 fxe6 12. Bxc6 Bxc6 13. Ne5 Qh4 14. Nxc6 Qe4+ 15. Qe2 Qxe2+ 16. Kxe2 Bd6 17. Bd2 O-O 18. g3 a5 19. Rac1 Rae8 20. f4 h5
21. h4 Rf6 22. Rhe1 Rg6 23. Kf2 Kf8 24. Ne5 Bxe5 25. Rxe5 Re7 26. b4 a4 27. Rxh5 Ke8 28. Rh8+ Kd7 29. b5 Rf6 30. Bb4 Ref7
31. Rc6 e5 32. dxe5 Rxc6 33. bxc6+ Ke6 34. Re8+
1-0

[Event "2016 Standard Chess Dropout Tournament, Round 1"]
[Site "SchemingMind.com"]
[Date "2015.11.15"]
[Round "1"]
[White "Oskyrain"]
[Black "Alessandro Dotti Contra"]
[Result "1-0"]
[WhiteCountry "ARG"]
[BlackCountry "ITA"]
[WhiteElo "2519"]
[WhiteRD "93"]
[BlackElo "1886"]
[BlackRD "102"]
[GameID "390078"]

1. d4 Nf6 2. c4 g6 3. Nc3 Bg7 4. e4 d6 5. Nf3 O-O 6. h3 b6 7. Bd3 e5 8. d5 Nbd7 9. Bc2 Ba6 10. b3 Bb7
11. O-O Re8 12. Bg5 h6 13. Be3 a5 14. Qc1 Kh7 15. a3 Ba6 16. Qd2 Qe7 17. Qe2 Nh5 18. Rfe1 Nf4 19. Qf1 Qf6 20. g3 Nh5
21. Kg2 Bb7 22. b4 axb4 23. axb4 Qe7 24. Nb5 Qd8 25. Rxa8 Bxa8 26. Ra1 Bb7 27. Qb1 Qb8 28. Ba4 Rd8 29. Nc3 Qc8 30. Bb5 Nhf6
31. Ra7 Qb8 32. Qa2 Nf8 33. Bc6 Bxc6 34. dxc6 Ne6 35. Qa6 Qc8 36. b5 Qxa6 37. bxa6 Rc8 38. Nd5 Nxe4 39. Rb7 Nd8 40. a7 Nxc6
41. Ne7 Nxa7 42. Nxc8 Nxc8 43. Rxc7 d5 44. Rxc8 d4 45. Bc1 Nc5 46. Rd8 Nd3 47. Ba3 e4 48. Nd2 f5 49. Kf1 Bf6 50. Rd6 Be5
51. Rxb6 g5 52. f4 gxf4 53. g4 fxg4 54. hxg4 Nf2 55. Kxf2 e3+ 56. Ke1 exd2+ 57. Kxd2 f3 58. Kd3 f2 59. Rb1
1-0

[Event "2016 Standard Chess Dropout Tournament, Round 1"]
[Site "SchemingMind.com"]
[Date "2015.11.11"]
[Round "1"]
[White "Paul7926"]
[Black "michel"]
[Result "0-1"]
[WhiteCountry "ENG"]
[BlackCountry "CAN"]
[WhiteElo "1389"]
[WhiteRD "70"]
[BlackElo "2383"]
[BlackRD "66"]
[GameID "390079"]

1. d4 Nf6 2. Nc3 d6 3. e4 g6 4. Nf3 Bg7 5. Be2 O-O 6. O-O c6 7. a4 Nbd7 8. Bf4 Re8 9. Qd2 Qc7 10. Bc4 e5
11. dxe5 dxe5 12. Nxe5 Nxe5 13. Rad1 Nh5 14. Ne2 Nxf4 15. Nxf4 Nxc4 16. Qc1 Bxb2 17. Qb1 Qxf4
0-1

[Event "2016 Standard Chess Dropout Tournament, Round 1"]
[Site "SchemingMind.com"]
[Date "2015.11.15"]
[Round "1"]
[White "paulby"]
[Black "Yos"]
[Result "0-1"]
[WhiteCountry "ENG"]
[BlackCountry "INA"]
[WhiteElo "1615"]
[WhiteRD "87"]
[BlackElo "2325"]
[BlackRD "70"]
[GameID "390080"]

1. d4 c5 2. d5 Nf6 3. c4 b5 4. Nc3 b4 5. Na4 d6 6. b3 g6 7. Bb2 Bg7 8. e4 O-O 9. Bd3 e6 10. Nf3 exd5
11. exd5 Re8+ 12. Be2 Bd7 13. O-O Bxa4 14. bxa4 Ne4 15. Bxg7 Kxg7 16. a3 Nc3 17. Qc2 Rxe2 18. Qb3 a5 19. h3 Nd7 20. Ne1 Qf6
21. Rc1 Ra2 22. Nd3 Ne2+
0-1

[Event "2016 Standard Chess Dropout Tournament, Round 1"]
[Site "SchemingMind.com"]
[Date "2015.11.12"]
[Round "1"]
[White "peeuukoo"]
[Black "John Hamer"]
[Result "0-1"]
[WhiteCountry "FIN"]
[BlackCountry "ENG"]
[WhiteElo "1786"]
[WhiteRD "107"]
[BlackElo "2040"]
[BlackRD "64"]
[GameID "390081"]

1. d4 Nf6 2. c4 e6 3. Nc3 d5 4. Bg5 c6 5. e3 Be7 6. Bd3 O-O 7. Nf3 dxc4 8. Bxc4 Nbd7 9. O-O b5 10. Bd3 Bb7
11. Rc1 a6 12. Bb1 Rc8 13. Re1 c5 14. dxc5 Rxc5 15. Bh4 b4 16. Na4 Rxc1 17. Qxc1 Qa5 18. Qd1 Rd8 19. b3 Qh5 20. Bg3 Nc5
21. Qe2 Nce4 22. Nd4 Qg6 23. Bxe4 Nxe4 24. Nf3 Qh5 25. Rd1 Rc8 26. Nd4 Qg6 27. Qe1 e5 28. Ne2 Rc2 29. Rd7 Nxg3 30. Nxg3 Qc6
31. Rxb7 Qxb7 32. h3 Qc6 33. Nf1 Rxa2 34. Qb1 Rc2 35. Nb2 Rc1 36. Qa2 Qc3
0-1

[Event "2016 Standard Chess Dropout Tournament, Round 1"]
[Site "SchemingMind.com"]
[Date "2015.11.11"]
[Round "1"]
[White "pengle"]
[Black "David Perna-Fraser"]
[Result "0-1"]
[WhiteCountry "USA"]
[BlackCountry "CAN"]
[WhiteElo "1650"]
[WhiteRD "91"]
[BlackElo "2318"]
[BlackRD "63"]
[GameID "390082"]

1. c4 e6 2. e4 d5 3. cxd5 exd5 4. Nc3 dxe4 5. Qa4+ Nc6 6. Qxe4+ Be7 7. Be2 Nf6 8. Qc2 Nb4 9. Qb1 g6 10. b3 Bf5
11. Qb2 Nc2+ 12. Kf1 Ba3 13. Qxa3 Nxa3 14. Bxa3 Qxd2 15. Nb5 O-O-O 16. Nf3 Qa5 17. Be7 Ne4 18. Bxd8 Rxd8 19. Nfd4 Nd2+ 20. Kg1 Rxd4
21. Nxd4 Qc3
0-1

[Event "2016 Standard Chess Dropout Tournament, Round 1"]
[Site "SchemingMind.com"]
[Date "2015.11.15"]
[Round "1"]
[White "Dan Geana"]
[Black "simon_w"]
[Result "1-0"]
[WhiteCountry "ROU"]
[BlackCountry "IRL"]
[WhiteElo "2523"]
[WhiteRD "111"]
[BlackElo "1834"]
[BlackRD "102"]
[GameID "390083"]

1. e4 c5 2. Nf3 d6 3. d4 cxd4 4. Nxd4 Nf6 5. Nc3 a6 6. Bg5 e6 7. f4 Qb6 8. Qd2 Qxb2 9. Rb1 Qa3 10. e5 dxe5
11. fxe5 Nfd7 12. Ne4 h6 13. Bh4 Qxa2 14. Rd1 Qd5 15. Qe3 Qxe5 16. Be2 Bc5 17. Bg3 Bxd4 18. Rxd4 Qa5+ 19. Rd2 O-O 20. Bd6 Rd8
21. Qg3 Nc6 22. Bc7 Qb4 23. Nd6 Rf8 24. c3 Qc5 25. Nxc8 Nce5 26. Nb6
1-0

[Event "2016 Standard Chess Dropout Tournament, Round 1"]
[Site "SchemingMind.com"]
[Date "2015.11.11"]
[Round "1"]
[White "mmccaffe"]
[Black "frankly"]
[Result "0-1"]
[WhiteCountry "USA"]
[BlackCountry "ENG"]
[WhiteElo "1646"]
[WhiteRD "80"]
[BlackElo "2453"]
[BlackRD "56"]
[GameID "390085"]

1. e4 c5 2. Nf3 Nc6 3. d4 cxd4 4. Nxd4 Nf6 5. Nc3 d6 6. Bg5 e6 7. Be2 Be7 8. O-O O-O 9. Nb3 a6 10. f4 h6
11. Bh4 Nxe4 12. Nxe4 Bxh4 13. Qxd6 a5 14. Qxd8 Rxd8 15. Rfd1 a4 16. Nbc5 Nd4 17. Bc4 b6 18. c3 Nc2
0-1

[Event "2016 Standard Chess Dropout Tournament, Round 1"]
[Site "SchemingMind.com"]
[Date "2015.11.10"]
[Round "1"]
[White "pmdpsp"]
[Black "wojowhiskey"]
[Result "0-1"]
[WhiteCountry "GER"]
[BlackCountry "USA"]
[WhiteElo "1696"]
[WhiteRD "85"]
[BlackElo "1465"]
[BlackRD "85"]
[GameID "390086"]

1. c4 Nf6 2. Nc3 g6 3. d4 c5 4. d5 e6 5. d6 Bg7 6. Bg5 O-O 7. e4 Qb6 8. Rb1 Nc6 9. Nf3 Qa5 10. Bd3 Ne8
11. Qd2 Nxd6 12. Be7 Nxe7 13. O-O a6 14. Rfc1 b5 15. cxb5 axb5 16. e5 Ndf5 17. Bxb5 Rd8 18. Qe2 Bb7 19. Bc4 Nc6 20. Ne4 Ncd4
21. Nxd4 Nxd4 22. Qe3 Bxe5 23. Ng5 Qc7 24. b4 Qc6 25. Qh3 h5 26. b5 Qd6 27. g3 f6 28. f4 fxg5 29. fxe5 Qxe5 30. Bd3 Nf3+
31. Kf2 Rxa2+ 32. Rc2 Rxc2+ 33. Bxc2 Qd4+ 34. Ke2 Qd2+ 35. Kf1 Qxc2 36. Re1 Nxe1 37. b6 Nd3 38. Kg1 Qf2#
0-1

[Event "2016 Standard Chess Dropout Tournament, Round 1"]
[Site "SchemingMind.com"]
[Date "2015.11.15"]
[Round "1"]
[White "pnwmusichound"]
[Black "Apocalypse"]
[Result "0-1"]
[WhiteCountry "USA"]
[BlackCountry "USA"]
[WhiteElo "1932"]
[WhiteRD "86"]
[BlackElo "2433"]
[BlackRD "99"]
[GameID "390087"]

1. c4 e5 2. g3 Nf6 3. Bg2 c6 4. d4 Bb4+ 5. Bd2 Bxd2+ 6. Qxd2 d6 7. Nc3 Be6 8. b3 Nbd7 9. dxe5 dxe5 10. Nf3 Qb6
11. Qd6 a5 12. Nxe5 Nxe5 13. Qxe5 Qxf2+ 14. Kxf2 Ng4+ 15. Ke1 Nxe5 16. Ne4 O-O-O 17. Rd1 Rxd1+ 18. Kxd1 Kc7 19. Ng5 Rd8+ 20. Kc2 Bf5+
21. Be4 Bxe4+ 22. Nxe4 Ng4 23. Ng5 Re8 24. Re1 Nxh2 25. Nxf7 Re7 26. Ng5 h6 27. Nh3 Nf3 28. Rf1 Nd4+ 29. Kd2 Rd7 30. Ke3 Nc2+
31. Kf2 Rf7+ 32. Kg1 Rxf1+ 33. Kxf1 Nb4 34. Nf4 Nxa2 35. Ne6+ Kd6 36. Nxg7 Nc1 37. Nf5+ Ke5 38. Nxh6 Nxb3 39. Nf7+ Kd4 40. Ke1 Kc3
41. g4 a4 42. g5 Nd2 43. g6 a3 44. g7 a2 45. g8=Q a1=Q+ 46. Kf2 Qf1+ 47. Ke3 Nxc4+ 48. Ke4 Qxe2+ 49. Kf5 Nd6+ 50. Nxd6 Qf2+
51. Ke4 Qd4+ 52. Kf5 Qxd6 53. Qg7+ Qd4 54. Qxb7 c5 55. Ke6 c4 56. Qb1 Kd2 57. Qb4+ Qc3 58. Qa4 Qe3+ 59. Kd5 c3 60. Qb4 Ke2
61. Qb3 Qd3+ 62. Kc5 c2 63. Qb2 Kd1
0-1

[Event "2016 Standard Chess Dropout Tournament, Round 1"]
[Site "SchemingMind.com"]
[Date "2015.11.10"]
[Round "1"]
[White "Quaff"]
[Black "lawyertheologian"]
[Result "0-1"]
[WhiteCountry "ENG"]
[BlackCountry "USA"]
[WhiteElo "1657"]
[WhiteRD "73"]
[BlackElo "2045"]
[BlackRD "88"]
[GameID "390088"]

1. e4 Nf6 2. e5 Nd5 3. c4 Nb6 4. d4 d6 5. f4 dxe5 6. fxe5 Nc6 7. Be3 Bf5 8. Nf3 Nb4 9. Na3 e6 10. c5 N6d5
11. Bd2 Nc6 12. Bb5 Be7 13. Bxc6+ bxc6 14. O-O Rb8 15. b3 O-O 16. Nc2 f6 17. Ne3 Bd3 18. Re1 Nf4 19. Ng4 Bf5 20. exf6 Bxg4
21. fxe7 Qxe7 22. Re4 Nh3+
0-1

[Event "2016 Standard Chess Dropout Tournament, Round 1"]
[Site "SchemingMind.com"]
[Date "2015.11.10"]
[Round "1"]
[White "Queen "]
[Black "fouche"]
[Result "1-0"]
[WhiteCountry "IND"]
[BlackCountry "COL"]
[WhiteElo "2440"]
[WhiteRD "111"]
[BlackElo "1595"]
[BlackRD "71"]
[GameID "390089"]

1. e4 e6 2. d4 d5 3. Nc3 Bb4 4. e5 c5 5. a3 cxd4 6. axb4 dxc3 7. Qg4 Kf8 8. Nf3 Bd7 9. bxc3 Nc6 10. b5 Nce7
11. Qb4 Ke8 12. Be2 Ng6 13. O-O N8e7 14. Rd1 Kf8 15. c4 Kg8 16. cxd5 Nxd5 17. Qd4 Nb6 18. c4 h6 19. Ba3 Kh7 20. Bc5 Bxb5
21. cxb5 Qxd4 22. Rxd4 Nd5 23. Bd3 b6 24. Bd6 Rhc8 25. g3 Rc3 26. Be4 Rac8 27. Rxa7 Rb3 28. Rxf7 Rxb5 29. Nh4
1-0

[Event "2016 Standard Chess Dropout Tournament, Round 1"]
[Site "SchemingMind.com"]
[Date "2015.11.10"]
[Round "1"]
[White "Roger Martindale"]
[Black "pengle"]
[Result "0-1"]
[WhiteCountry "USA"]
[BlackCountry "USA"]
[WhiteElo "1276"]
[WhiteRD "93"]
[BlackElo "1616"]
[BlackRD "88"]
[GameID "390091"]

1. e4 c5 2. c4 Nc6 3. Nc3 d6 4. Nf3 Bg4 5. d3 e5 6. h3 Bd7 7. Be2 h6 8. Be3 Qf6 9. O-O Nge7 10. Nb5 O-O-O
11. a4 a6 12. Bd2 axb5 13. axb5 Nd4 14. Ra8+ Kc7 15. Ba5+ b6 16. Ra7+ Kb8 17. Bxb6 Nc8 18. Bxd8 Qxd8 19. Qa4 Nxe2+ 20. Kh2 Nxa7
21. Ra1 Qb6 22. Qa5 Qxa5 23. Rxa5 Be7 24. b6 Nc6 25. Ra3 Bd8 26. b7 Kxb7 27. Ra2 Nb4 28. Nd2 Nxa2 29. Nb1 f5 30. Na3 fxe4
31. dxe4 Rf8 32. f3 Nf4
0-1

[Event "2016 Standard Chess Dropout Tournament, Round 1"]
[Site "SchemingMind.com"]
[Date "2015.11.11"]
[Round "1"]
[White "roscoe"]
[Black "Olli Ylönen"]
[Result "0-1"]
[WhiteCountry "USA"]
[BlackCountry "FIN"]
[WhiteElo "1353"]
[WhiteRD "87"]
[BlackElo "1881"]
[BlackRD "107"]
[GameID "390092"]

1. Nf3 Nf6 2. d3 d5 3. Nbd2 Nc6 4. g3 e5 5. e4 dxe4 6. Ng5 exd3 7. Bxd3 g6 8. O-O Bg7 9. Nde4 O-O 10. Bc4 Nxe4
11. Nxf7 Rxf7 12. Bxf7+ Kxf7 13. Qf3+ Nf6 14. Be3 Kg8 15. Rad1 Qe7 16. a3 Bg4
0-1

[Event "2016 Standard Chess Dropout Tournament, Round 1"]
[Site "SchemingMind.com"]
[Date "2015.11.10"]
[Round "1"]
[White "Sahajaxx"]
[Black "sibelius"]
[Result "1/2-1/2"]
[WhiteCountry "ENG"]
[BlackCountry "USA"]
[WhiteElo "2253"]
[WhiteRD "92"]
[BlackElo "2155"]
[BlackRD "84"]
[GameID "390093"]

1. d4 Nf6 2. c4 e6 3. Nc3 Bb4 4. Qc2 d6 5. a3 Bxc3+ 6. Qxc3 Nbd7 7. Bg5 h6 8. Bh4 O-O 9. e3 b6 10. Bd3 Bb7
11. f3 e5 12. Ne2 g5 13. Bf2 e4 14. fxe4 Nxe4 15. Bxe4 Bxe4 16. O-O Re8 17. Ng3 Nf6 18. d5 Bg6 19. Be1 Re5 20. Qc1 Ne4
21. Nxe4 Rxe4 22. b3 Qe8 23. Bd2 b5 24. cxb5 Qxb5 25. Qxc7 Qxd5 26. Qc3 a5 27. Rac1 Re5 28. Rf6 Kh7 29. Rcf1 Ra7 30. h3 Bd3
31. R1f2 Bg6 32. Qc8 Ree7 33. Rxg6 fxg6 34. Rf8 Qe5 35. Bc3 Ra8 36. Bxe5 Rxc8 37. Rxc8 Rxe5 38. Rc7+ Kg8 39. Kf2 Kf8 40. a4 Rf5+
41. Ke2 Rd5 42. g4 Re5 43. Kd3 Rd5+ 44. Ke4 Rd1 45. Ra7 Rb1 46. Rxa5 Rxb3 47. Ra7 h5 48. a5 hxg4 49. hxg4 Rb4+ 50. Kf3 Ke8
51. a6 Ra4 52. Ra8+ Kd7 53. a7 Kc7 54. Rg8 Rxa7 55. Rg7+ Kb6 56. Rxa7 Kxa7 57. Ke4 Kb7 58. Kd5 Kc7 59. Ke6 Kc6 60. e4 Kc5
61. e5 d5 62. Kf6 d4 63. e6 d3 64. e7 d2=
1/2-1/2

[Event "2016 Standard Chess Dropout Tournament, Round 1"]
[Site "SchemingMind.com"]
[Date "2015.11.11"]
[Round "1"]
[White "Selwyn"]
[Black "2curious"]
[Result "1-0"]
[WhiteCountry "AUS"]
[BlackCountry "USA"]
[WhiteElo "2574"]
[WhiteRD "86"]
[BlackElo "2103"]
[BlackRD "105"]
[GameID "390096"]

1. d4 d5 2. c4 c6 3. Nf3 Nf6 4. Nc3 e6 5. Bg5 h6 6. Bh4 dxc4 7. e4 g5 8. Bg3 b5 9. Ne5 Bb7 10. h4 g4
11. Nxg4 Nxg4 12. Qxg4 Qxd4 13. Rd1 Qf6 14. e5 Qf5 15. Qd4 Be7 16. a4 O-O 17. Qf4 Kh7 18. Qxf5+ exf5 19. axb5 cxb5 20. Nxb5 Bb4+
21. Nc3 a5 22. Bxc4 Bxg2 23. Rg1 Bf3 24. Rd3 Be4 25. Rd2 Ra7 26. Ke2 Bxc3 27. bxc3 Rc7 28. Bd3 Bxd3+ 29. Rxd3 Nc6 30. Rf3 Ne7
31. Ra1 Ra7 32. h5 Rc8 33. Rd3 Rc4 34. f3 Rc5 35. Ra4 Nc8 36. f4 Nb6 37. Ra3 Rd5 38. Bf2 Rxd3 39. Kxd3 Rd7+ 40. Ke2 Nd5
41. Be3 Rc7 42. Bd2 Kg7 43. Kd3 Ra7 44. c4
1-0

[Event "2016 Standard Chess Dropout Tournament, Round 1"]
[Site "SchemingMind.com"]
[Date "2015.11.10"]
[Round "1"]
[White "shg"]
[Black "D O Vaughan"]
[Result "1-0"]
[WhiteCountry "POL"]
[BlackCountry "WLS"]
[WhiteElo "2375"]
[WhiteRD "93"]
[BlackElo "2109"]
[BlackRD "115"]
[GameID "390097"]

1. d4 Nf6 2. c4 g6 3. Nc3 d5 4. Nf3 Bg7 5. Qb3 dxc4 6. Qxc4 O-O 7. e4 Na6 8. Be2 c5 9. d5 e6 10. O-O exd5
11. exd5 Qb6 12. Bf4 Re8 13. Be5 Bg4 14. Bxf6 Bxf3 15. Bxf3 Qxf6 16. Rad1 Qb6 17. d6 Qb4 18. Qxb4 Nxb4 19. d7 Red8 20. Bxb7 Rab8
21. Bc8 Nc2 22. Ne4 Bd4 23. Rd2 Nb4 24. Re1 Rbxc8 25. dxc8=Q Rxc8 26. a3 Nd5 27. Nxc5
1-0

[Event "2016 Standard Chess Dropout Tournament, Round 1"]
[Site "SchemingMind.com"]
[Date "2015.11.11"]
[Round "1"]
[White "sibelius"]
[Black "Transcendent"]
[Result "1-0"]
[WhiteCountry "USA"]
[BlackCountry "ENG"]
[WhiteElo "2155"]
[WhiteRD "87"]
[BlackElo "1668"]
[BlackRD "58"]
[GameID "390098"]

1. e4 e6 2. d4 d5 3. Nc3 Bb4 4. exd5 exd5 5. Bd3 c6 6. Qe2+ Ne7 7. Nf3 O-O 8. O-O Ng6 9. Re1 Nd7 10. Bg5 Nf6
11. Qd2 Bd6 12. h4 h6 13. h5 hxg5 14. hxg6 Bf4 15. gxf7+ Rxf7 16. Qe2 Bg4 17. Bg6 Rf8 18. Qd3 Qc7 19. Ne5 Bh5 20. Bxh5 Nxh5
21. g3 Bxe5= 22. Rxe5 Qf7 23. Rf1 g4 24. Nd1 Rae8 25. Ne3 Rxe5 26. dxe5 Qf3 27. b3 a5 28. a4 Nxg3 29. fxg3 Qxg3+ 30. Ng2 Rxf1+
31. Qxf1 Qxe5 32. Qe1 Qf5 33. Qe8+ Kh7 34. Ne3 Qf4 35. Qe6 Qg3+ 36. Kf1 Qf3+ 37. Ke1 g3 38. Qf5+ Qxf5 39. Nxf5 g2 40. Kf2 Kg6
41. Nd6 b6 42. Nc8 b5 43. Ne7+
1-0

[Event "2016 Standard Chess Dropout Tournament, Round 1"]
[Site "SchemingMind.com"]
[Date "2015.11.12"]
[Round "1"]
[White "simon_w"]
[Black "Dom P"]
[Result "1-0"]
[WhiteCountry "IRL"]
[BlackCountry "ENG"]
[WhiteElo "1834"]
[WhiteRD "102"]
[BlackElo "1448"]
[BlackRD "88"]
[GameID "390099"]

1. e4 d6 2. d4 Nd7 3. Bd3 e5 4. c3 Ngf6 5. Be3 g6 6. Ne2 Bg7 7. O-O O-O 8. Ng3 c6 9. f4 exf4 10. Bxf4 Nb6
11. Nd2 Be6 12. Bg5 Nbd7 13. Nf3 Qb6 14. Qd2 c5 15. b3 a5 16. Rab1 cxd4 17. cxd4 Ng4 18. Kh1 Ngf6 19. h3 d5 20. e5 Ne8
21. h4 f6 22. Bh6 Rf7 23. h5 fxe5 24. Bxg7 Nxg7 25. hxg6 hxg6 26. Bxg6 Re7 27. Nxe5 Nxe5 28. dxe5 Bf7 29. Bxf7+ Rxf7 30. Rxf7 Kxf7
31. Rf1+ Ke7 32. Qg5+ Kd7 33. Qxg7+ Kc6 34. Rf6+ Kb5 35. Rxb6+ Kxb6 36. Nf5 Ka6 37. Nd6 b6 38. Qb7#
1-0

[Event "2016 Standard Chess Dropout Tournament, Round 1"]
[Site "SchemingMind.com"]
[Date "2015.11.11"]
[Round "1"]
[White "Adrian Grajczak"]
[Black "smothered mate"]
[Result "0-1"]
[WhiteCountry "POL"]
[BlackCountry "POL"]
[WhiteElo "2071"]
[WhiteRD "94"]
[BlackElo "1942"]
[BlackRD "68"]
[GameID "390100"]

1. e4 e6 2. Nf3 d5 3. exd5 exd5 4. d4 Bd6 5. Bd3 Ne7 6. O-O O-O 7. b3 Bf5 8. Bb2 Nd7 9. Bxf5 Nxf5 10. Qd3 Qf6
11. Nbd2 c6 12. Rfe1 Rfe8 13. Nf1 Bc7 14. Ng3 Nd6 15. a4 Nf8
0-1

[Event "2016 Standard Chess Dropout Tournament, Round 1"]
[Site "SchemingMind.com"]
[Date "2015.11.11"]
[Round "1"]
[White "smothered mate"]
[Black "Archon"]
[Result "1-0"]
[WhiteCountry "POL"]
[BlackCountry "CAN"]
[WhiteElo "1942"]
[WhiteRD "68"]
[BlackElo "1791"]
[BlackRD "70"]
[GameID "390101"]

1. d4 e6 2. c4 Bb4+ 3. Bd2 Bxd2+ 4. Nxd2 Nc6 5. e3 Nf6 6. Ngf3 d5 7. c5 O-O 8. a3 a5 9. Rb1 a4 10. Bb5 Bd7
11. Bxa4 Nxd4 12. Bxd7 Nxf3+ 13. Nxf3 Qxd7 14. Qd3 Ra4 15. b4 Rfa8 16. Rb3 c6 17. Ke2 h6 18. Ra1 Qc7 19. g3 Qb8 20. Nd2 Qa7
21. Nb1 Qa6 22. Qxa6 R4xa6 23. Nc3 Nd7 24. Kd3 e5 25. f4 Kf8 26. e4 exf4 27. gxf4 dxe4+ 28. Nxe4 R6a7 29. Nd6 Nf6 30. Kc4 Ne8
31. Ne4 Rd8 32. a4 Ke7 33. Re3 Kf8 34. Nc3 Nf6 35. Rae1 Re8 36. b5 Rxe3 37. Rxe3 Ng4 38. Re2 Nf6 39. Kb4 Ra8 40. a5 cxb5
41. Kxb5 Ra6 42. Na4 Rc6 43. Nb6 Re6 44. Rxe6 fxe6 45. c6 bxc6+ 46. Kxc6
1-0

[Event "2016 Standard Chess Dropout Tournament, Round 1"]
[Site "SchemingMind.com"]
[Date "2015.11.10"]
[Round "1"]
[White "Stephen Woodhouse"]
[Black "Erik Johnson"]
[Result "1-0"]
[WhiteCountry "ENG"]
[BlackCountry "USA"]
[WhiteElo "1935"]
[WhiteRD "50"]
[BlackElo "1618"]
[BlackRD "63"]
[GameID "390102"]

1. e4 d5 2. exd5 Qxd5 3. Nf3 Bg4 4. Be2 Nc6 5. d4 O-O-O 6. Be3 Nf6 7. Nbd2 e6 8. h3 Bf5 9. O-O h6 10. c4 Qd6
11. Qa4 Qb4 12. Qxb4 Nxb4 13. Ne5 Nc2 14. Rac1 Nxe3 15. fxe3 Rg8 16. Nxf7 Rd7 17. Ne5 Rd6 18. Bf3 Nd7 19. Nxd7 Rxd7 20. Ne4 Be7
21. c5 c6 22. Ng3 g5 23. e4 Bg6 24. Bg4 Rdd8 25. Bxe6+ Kb8 26. Bxg8 Rxg8 27. Nf5 Bd8 28. Nxh6 Rh8 29. Nf5 g4 30. hxg4 Bg5
31. Rce1 Bf7 32. b3 Rd8 33. Nd6 Bg6 34. e5 Bd2 35. e6 Bxe1 36. Rxe1 Kc7 37. e7 Rg8 38. e8=Q Bxe8 39. Nxe8+ Kd8 40. Nf6 Rh8
41. Re8+ Rxe8 42. Nxe8 Kxe8 43. Kf2 Ke7 44. Ke3 Kf6 45. Ke4 Kg5 46. Ke5 Kxg4 47. Kd6 Kg3 48. Kc7
1-0